Die längsten deutschen Wasserstraßen - Statistiken

Allgemein
  • Dieses Quiz wurde 134 mal gespielt
  • Das Durchschnittsergebnis liegt bei 8 aus 10
Antwortstatistiken
Schiffbare
Kilometer
Wasserstraße % Korrekt
695 Rhein
98%
203 Donau
97%
727 Elbe
97%
387 Main
92%
430 Weser
83%
242 Mosel
72%
203 Neckar
70%
224 Dortmund-Ems-Kanal
66%
297 Havel
57%
325 Mittellandkanal
50%
Keine übereinstimmenden Quizze gefunden
Verteilung der Resultate
Anzahl Personen mit jedem Resultat
Perzentil nach korrekt beantworteten Fragen
Ihre Resultats-Entwicklung
Sie haben dieses Quiz noch nicht gespielt